00743 2200253 4500001002100000005001700021008004100038020002200079035002500101040001200126082001700138084001900155100002700174245011500201250001100316260003300327300002200360650002000382700002100402850001200423990001800435990001800453990001800471INLIS00000000001224420150909131747.0  a978-602-7968-90-1 a0010-091500000000757 aYOPDYOG 223a899.2213 a899.2213 Jos M aJOSEPHINE WIDYA WIJAYA aMeine suefzerb: hanya cinta yang dapat memanggilmu kembalic/ Josephine Widya Wijaya; editor Ratna Mariastuti aCet. 1 aYogyakartabDiva Pressc2014 a425 hlmc; 20 cm. aFiksi Indonesia aRatna Mariastuti aYOPDYOG a15112-PD/B.15 a15113-PD/B.15 a15114-PD/B.15